Statistics for Polygons

Click here to take the quiz!

General Stats

  • This quiz has been taken 19 times
  • The average score is 8 of 18

Answer Stats

# of SidesName% Correct
3Trigon
100%
6Hexagon
86%
8Octagon
86%
5Pentagon
86%
10Decagon
71%
9Nonagon
71%
4Tetragon
71%
7Heptagon
64%
12Dodecagon
57%
11Hendecagon
29%
13Triskaidecagon
21%
15Pentakaidecagon
14%
14Tetrakaidecagon
14%
17Heptakaidecagon
7%
16Hexakaidecagon
7%
18Octakaidecagon
7%
19Enneakaidecagon
0%
20Icosagon
0%

Score Distribution

Percentile by Number Answered

Percent of People with Each Score

Your Score History

You have not taken this quiz